00555nam a2200169 a 450000500170000000800410001702000180005805000240007610000200010024500430012026000480016330000070021150000690021865000330028765000310032070000340035120140414132124.0130222s19uu xx 00 eng d a9781411434158 aTR 372.4bKe26 2007 aKeeley, Shannon aSummer skills daily activity workbook. aNew York :bSterling Publishing,Inc,c2007. a96 aincludes math, language arts, social studies, science activities aMathematics-xactivity book. aReading-activity workbook. aHector Borlasca [illustrator]